Estudios sobre el Desenvolvimiento Histórico de la Navegación especialmente referidos a las Ciencias náuticas. Con apéndices sobre la literatura marítima de los siglos XVI y XVII y la Historia del desarrollo de las fórmulas para la reducción de las distancias lunares. Por Eugenio Gelcich, Director de la Real e Imperial Escuela Náutica de Lussinpiccolo. Edición española muy ampliada sobre el texto alemán, con numerosas adiciones y nuevos apéndices, por el mismo autor, relativos al método de Littrow para determinar el tiempo por alturas circummeridianas, y al cálculo del verdadero mediodía por alturas solares correspondientes, en el siglo XVIII
保存先:
| 第一著者: | |
|---|---|
| フォーマット: | 図書 |
| 言語: | スペイン語 |
| 出版事項: |
Valencia
Librería de Pascual Aguilar, editor, Caballeros, I
1889
|
| 版: | 1a. ed |
| 主題: | |
| タグ: |
タグ追加
タグなし, このレコードへの初めてのタグを付けませんか!
|
MARC
| LEADER | 00000nam a2200000 a 4500 | ||
|---|---|---|---|
| 001 | UCJ7372 | ||
| 003 | CL-VaPUC | ||
| 008 | 070124e18890000SP |||||||||||||||||spa|d | ||
| 082 | 0 | 4 | |a 656 |b GEL |2 21 |
| 100 | 0 | |a Gelcich, Eugenio |e author |9 515709 | |
| 245 | 1 | 0 | |a Estudios sobre el Desenvolvimiento Histórico de la Navegación especialmente referidos a las Ciencias náuticas. Con apéndices sobre la literatura marítima de los siglos XVI y XVII y la Historia del desarrollo de las fórmulas para la reducción de las distancias lunares. Por Eugenio Gelcich, Director de la Real e Imperial Escuela Náutica de Lussinpiccolo. Edición española muy ampliada sobre el texto alemán, con numerosas adiciones y nuevos apéndices, por el mismo autor, relativos al método de Littrow para determinar el tiempo por alturas circummeridianas, y al cálculo del verdadero mediodía por alturas solares correspondientes, en el siglo XVIII |
| 250 | |a 1a. ed | ||
| 300 | |a xvi, 294 p | ||
| 942 | |c BK | ||
| 945 | |d 20070124 00:00:00 |a rinostro | ||
| 260 | |a Valencia |b Librería de Pascual Aguilar, editor, Caballeros, I |c 1889 | ||
| 500 | |a Ilustraciones sin indizar.- Ex libris de D. Urbano Rojas Castillo, de cuya biblioteca, vendida en martillo, procede este libro | ||
| 600 | 0 | 7 | |a ROJAS CASTILLO, URBANO |2 CL-VaPUC |9 509882 |
| 650 | 7 | |a INGENIERIA NAVAL |2 CL-VaPUC |9 262110 | |
| 650 | 0 | |a Arquitectura naval |9 261969 | |
| 650 | 0 | |a Navegación |9 255384 | |
| 650 | 0 | |a Descubrimientos geográficos |9 331933 | |
| 650 | 7 | |a INSTRUMENTOS NAUTICOS |2 CL-VaPUC |9 511731 | |
| 650 | 0 | |a Ilustraciones |9 369481 | |
| 650 | 0 | |a Derecho marítimo |9 255301 | |
| 650 | 7 | |a EX LIBRIS |2 CL-VaPUC |9 505186 | |
| 583 | |a last modification |c 20070124 00:00:00 |k Rodrigo Vera | ||
| 999 | |c 323462 |d 323460 | ||
| 952 | |0 0 |1 0 |4 0 |6 656_000000000000000_GEL_1889 |7 0 |8 X |9 403063 |a FDOBUD |b FDOBUD |d 2019-11-22 |i 1062433 |o 656 GEL 1889 |p 1062433 |r 2019-11-22 |w 2019-11-22 |y BK_X |k BUD | ||